Olympijská charta. : (Stav k 12. decembru 1999). /
Uložené v:
| Médium: | Kniha |
|---|---|
| Jazyk: | Slovak English |
| Vydané: |
Bratislava :
Slovenský olympijský výbor,
2000
|
| Vydanie: | 1. vyd. |
| Témy: | |
| ISBN: |
(brož.) |
| Fyzický popis: |
97 s. |
| Tagy: |
Pridať tag
Žiadne tagy, Buďte prvý kto otaguje tento záznam!
|
Titul je dostupný aj v ... 

MARC
| LEADER | 00000nam a2200000 a 4500 | ||
|---|---|---|---|
| 001 | 000065249 | ||
| 003 | SVKK | ||
| 005 | 20000927000000.0 | ||
| 008 | 000807s2000 xo e sloo | ||
| 020 | |a (brož.) | ||
| 040 | |a SVKKK |b slo |c SVKKK |e AACR2 | ||
| 041 | 1 | |a slo |h eng | |
| 044 | |a xo |c SK | ||
| 080 | |a 796.032.2 |2 1997 | ||
| 245 | 0 | 0 | |a Olympijská charta. : |b (Stav k 12. decembru 1999). / |c Red. Anton Zerer |
| 250 | |a 1. vyd. | ||
| 260 | |a Bratislava : |b Slovenský olympijský výbor, |c 2000 | ||
| 300 | |a 97 s. | ||
| 653 | 0 | |a hry olympijské |2 SVKKKPH | |
| 653 | 0 | |a výbory olympijské |2 SVKKKPH | |
| 653 | 0 | |a princípy |2 SVKKKPH | |
| 655 | 7 | |a monografie |2 SVKKKPH | |
| 700 | 1 | |a Zerer, Anton, |4 pfr |d 1950-2018 | |
| 910 | |a svkkk | ||
| 974 | |a UH |d 20000907 | ||
| 974 | |a KL |d 20000906 | ||
| 974 | |a MI |d 20000927 | ||
| 998 | |a BK | ||
| 090 | |g SCKHL |k Sklad Pribinova 2. posch. |a III.187015 |j 934617 |i 2720376051 |s Absenčne | ||